01395nam a2200229 450000500170000000800410001702000180005804100080007608200200008424500530010426000130015726000190017026000090018930000180019850508260021665000150104265000190105765000270107694200130110399900170111695200320113320240208155614.0240208b2021 |||||||| |||| 00| 0 spa d a9788417430955 aESP a808.838.5 A634a aAntología de relatos románticos: apasionados aEspaña bEditorial Alma c2021 a314 páginas aLa condesa de Tende, Madame de la Fayette. Ourika, Claire de Duras. La prueba de amor, Mary Shelley. La señorita campesino, Aleksandr Pushkin. Roldán después de Roncesvalles, Alexandre Dumas, padre. La marquesa, George Sand. Los hermanos Van Buck, Alfred de Musset. La peña de los enamorados, Mariano Roca de Togores. La casa del viento, Alexandre Dumas, hijo. La promesa, Gustavo Aldolfo Bécquer. Véra, Auguste Villiers de L´Isle-Adam. Un día único, Henry James. Una viuda, Guy de Maupassant. El fondo del alma, Emilia Pardo Bazán. La esfinge sin secreto, Oscar Wilde. Una mujer sin prejuicios, Antón Chéjov. El alegre mes de mayo, O. Henry. Georgie Porgie, Rudyard Kipling. Epitalamio, Ramón del Valle-Inclán. Té, Saki. Los ojos sombríos, Horacio Quiroga. Felicidad, Katherine Mansfield.  aLITERATURA aCUENTOS CORTOS aLITERATURA ROMÁNTICA 2ddccLIT c13614d13614 o808.838.5 A634ap25888yLIT